| 000 | 00362nam a22001577a 4500 | ||
|---|---|---|---|
| 003 | SGT | ||
| 020 | _a978-0716602972 | ||
| 082 |
_a699 _bW96B |
||
| 100 | _aBARNHART ROBERT K. | ||
| 245 | _aTHE WORLD BOOK ENCYCLOPEDIA DICTIONARY | ||
| 250 | _aONE | ||
| 260 |
_aNEW DELHI _bWORLD BOOK _c2003 |
||
| 300 | _a1166 | ||
| 650 | _aMASS COMMUNICATION | ||
| 942 |
_2ddc _cBK |
||
| 999 |
_c12851 _d12851 |
||